000 00622nam a2200241Ia 4500
003 OSt
005 20220924151556.0
006 a|||||r|||| 00| 0
007 ta
008 220923b |||||||| |||| 00| 0 ara d
024 _a338302
037 _cTextual
040 _aARTS
_cARTS
_bara
041 _2ara
_aara
082 _aO28,3MSHx, E6
100 _aShukri Abdul Rehman Au.
_9224537
245 0 _aKitab-al-aitrafat
260 _c1916
300 _a120p.
_ccm.
650 _aARABIC FICTION
_964594
942 _hO28,3MSHx, E6
_cTEXL
_2CC
999 _c467070
_d467070